00604cam a22001812 4500001001100000005001700011008004100028020002700069040001500096100003100111245008700142260004100229300001200270650003100282650004300313650006300356852000300419000000709420151021151111.0071113s xx 000 0 eng d a0307237699 :cKES 1800 aKABUcKABU1 aObama, Barack.@000016072014aThe Audacity of hope :bthoughts on reclaiming the American dream /cBarack Obama. aNew York :bCrown Publishers,c2006. a375 p. 0aObama, Barack.@0000160721 0aObama, BarackxPhilosophy.@0000160722 0aUnited StatesbPolitics and governmenty2001-.@00001607231